Statystyki dla Święci Kościoła Katolickiego

Kliknij tutaj aby rozwiązać quiz!

Ogólne statystyki

  • Ten quiz został rozwiązany 580 razy
  • Średni wynik to 9 z 20

Statystyki odpowiedzi

OpisOdpowiedź% Poprawnych
"Na tobie zbuduję mój Kościół"Piotr
95%
Prorok, chrzcił w Jordanie wodąJan Chrzciciel
74%
Było ich dwóch, jeden niedowiarek, drugi teologTomasz
70%
pierwszy męczennik chrześcijańskiSzczepan
69%
Na drzwiach żywot jego opisano, złotem jego ciało odzyskanoWojciech
63%
Babcia Jezusa, Matka Maryi, patronka babćAnna
62%
patron strażakówFlorian
61%
założyciel zakonu franciszkańskiego, nazywano go "biedaczyną z Asyżu", stygmatykFranciszek z Asyżu
59%
"Nie lękajcie się!"Jan Paweł II
57%
biskup i apostoł IrlandiiPatryk
55%
Zginął w Auschwitz, poświęcił się za mężczyznę, który miał rodzinęMaksymilian Kolbe
48%
Napisał Ewangelię i ApokalipsęJan Ewangelista
47%
męczennik z III w. , według legendy walczył ze smokiemJerzy
38%
Niegdyś Szaweł, przejrzał w drodze do DamaszkuPaweł z Tarsu/Apostoł
36%
pochodził z Padwy, patron rzeczy zagubionychAntoni Padewski
26%
żona Henryka I Brodatego, urodziła się w Bawarii, później zamieszkała na ŚląskuJadwiga Śląska
24%
Biskup z Miry, wrzucał trzem córką pieniądze przez oknoMikołaj z Miry
23%
polski jezuita, męczennik, okropnie torturowany przez KozakówAndrzej Bobola
21%
jeden z ojców i doktorów Kościoła, filozof i teolog, zm. w V w. , miał berberyjskie pochodzenieAugustyn z Hippony
7%
patronka organistów i muzyków kościelnychCycylia
6%

Rozkład punktacji

Percentyl według liczby udzielonych odpowiedzi

Procent ludzi z każdym wynikiem

Twoja historia wyników

Nie rozwiązałeś tego quizu